000 00435nam a2200193Ia 4500
008 210210b1994 xxu||||| |||| 00| 0 eng d
041 _aeng
082 _a032.02 GUIN
100 _a-
245 _aGuinness book of records
260 _aKerala
_bGuiness Publishing Ltd.,
_c1994
300 _a704
650 _arecords
650 _aof
650 _aGuinness
650 _abook
690 _aGeneral Knowledge
906 _a048562
999 _c97236
_d97236